000 00825nam a2200217Ia 4500
003 GCL
008 140319s9999 xx 000 0 ara d
040 _aGCL /
_cGCL
082 0 4 _aد
_b905
_bا ب
100 1 _aاتحاد الجغرافيين العرب
245 1 0 _aبحوث المؤتمر الجغرافى العربى الثانى المنعقد فى بغداد فى 6-10 ربيع الاول سنة 1396 هـ /
_cاتحاد الجغرافيين العرب
700 1 _aسليمان حزين (تقديم)
260 _aالقاهرة :
_bمطبوعات المجلس الاعلى للثقافة ،
_c1988
300 _a645 ص
490 _aدار الفكر العربى
_v0
650 0 4 _aالعرب
650 0 4 _aالجغرافيا
650 0 4 _aدوريات
650 0 4 _aالمؤتمرات
942 _2ddc
_cCR
999 _c26985
_d26985